| 000 | 01043 a2200253 4500 | ||
|---|---|---|---|
| 003 | OSt | ||
| 005 | 20240426140444.0 | ||
| 008 | 230218s2016 mx ad||f |||| 001 0 spa d | ||
| 020 | _a9786076225509 (Alfaomega) | ||
| 020 | _a9786076225509 (Disco compacto) | ||
| 040 | _cCHAP | ||
| 082 | 0 | 0 |
_222 _a658.404028553 _bA59 |
| 100 | 1 |
_9187863 _aAngulo Aguirre, Luis |
|
| 245 | 1 | 0 |
_aProject 2013 / _cpor Luis Angulo Aguirre |
| 264 | 1 |
_aMéxico: _bAlfaomega: _c2016. |
|
| 300 |
_a454 páginas: _bIlustraciones, cuadros, gráficas + _e1 DVD |
||
| 490 | 1 | _aComputación. | |
| 500 | _aEl DVD incluye videos tutoriales y otros archivos. Para la reproducción del DVD se requiere Windows XP/7/8-RAM 1GB, tarjeta de video de 256 MB, resolución de pantalla 1366x768, soporte a Flash Player. | ||
| 504 | _aIncluye índice | ||
| 650 | 7 |
_9187864 _aAdministración de proyectos _xProcesamiento de datos |
|
| 650 | 7 |
_9187865 _aMicrosoft Project (Programa para computadora) |
|
| 830 |
_9186543 _aComputación. _pAplicaciones ofimaticas. |
||
| 942 |
_cLIBRO _2ddc |
||
| 999 |
_c218397 _d218397 |
||